| 000 | 00443nam a2200181Ia 4500 | ||
|---|---|---|---|
| 001 | 12952 | ||
| 005 | 20260306163018.0 | ||
| 008 | 260306t1972||||xx |||||||||||||| ||spa|| | ||
| 041 | _aESP | ||
| 082 |
_aRD 467 _bC28 T. 2 |
||
| 100 |
_aCarpio Muñoz, Juan Guillermo _eAUT |
||
| 245 | 0 | _aDiccionario de arequipeñismos | |
| 260 | _c1972 | ||
| 300 |
_a385 páginas : _c21 cm. |
||
| 650 | _aGEN | ||
| 654 | _aCHU | ||
| 942 |
_cDIC _dJUS _fJUS _2ddc _n |
||
| 999 |
_c12952 _d12952 |
||